000 00996nam a2200253 i 4500
001 105115
003 ES-MaACL
005 20230906183804.0
007 t|
008 021118s1860 sp ||||1| spa d
080 _a061.22(460.235 B.)
110 2 _aAteneo Catalán.
_91844
245 1 1 _aActa de la sesión celebrada para la constitución del Ateneo Catalán.
246 3 _aDiscurso escrito para el acto de constitución del Ateneo Catalán
260 _aBarcelona :
_b[s.n.],
_c1860 (
_fImp. del Diario de Barcelona)
300 _a32 p. ;
_c22 cm.
505 8 _aContiene: Discurso escrito para el acto de constitución del Ateneo Catalán / por D. Ramón Anglasell (p.13-32)
530 _aDisponible en formato digital.
610 2 4 _aAteneo Catalán.
_91844
700 1 _aAnglasell, Ramón.
_921744
852 4 _aES-MaACL
_jT-54-F-14
852 4 _aES-MaACL
_jT-63-F-6
_z- Falto de cub.
856 4 _uhttp://bdh-rd.bne.es/viewer.vm?id=0000149073&page=1
_zBiblioteca Digital Hispánica
999 _c105115
_d105115